| 000 | 00396pab a2200145 454500 | ||
|---|---|---|---|
| 008 | 180718b1983 xxu||||| |||| 00| 0 eng d | ||
| 100 | _aEntman, Robert M. | ||
| 245 | _aThe impact of ideology on legislative behavior and public policy in the States | ||
| 260 | _c1983 | ||
| 300 | _a163-82 | ||
| 362 | _aFeb. | ||
| 650 | _aLegislators - U.S.A. | ||
| 773 | _aJournal of Politics | ||
| 909 | _a12527 | ||
| 999 |
_c12527 _d12527 |
||